000
00240nam a22000977a 4500
008
170120b xxu||||| |||| 00| 0 eng d
041
_a
eng
080
_a
618.2
245
_a
LEGAL FOUDATIONS OF NURSNG PRACTICE
_c
MURCHISON, I.A
942
_2
udc
_c
BK
999
_c
3216
_d
3216